Дзвони Хатині (Запис № 17572)

000 -Маркер запису
Контрольне поле сталої довжини 01439nam a22002537a 4500
003 - Належність контрольного номера
Контрольне поле Uzh_bibl
008 - Кодовані дані
Контрольне поле сталої довжини 260430b |||||||| |||| 00| 0 ukr d
020 ## - Індекс ISBN
Ціна 0.60
040 ## - Джерело каталогіз.
Служба первин.кат. укр.
041 ## - Код мови видання
Код мови оригіналу українська
Код мови тексту українська
080 ## - Індекс УДК
Індекс УДК 821(477)
090 ## - Шифри
Поличний індекс 821(477)
Авторський знак Н 16
100 ## - Автор
Автор Нагнибіда, Микола
245 ## - Назва
Назва Дзвони Хатині
Фізичний носій Текст
260 ## - Вихідні дані
Місце видання Київ
Видавництво Дніпро
Дата видання 1979
300 ## - Фізичний опис
Обсяг 75 с.
Ілл./тип відтвор. Іл.
Тип одиниці В опр.
520 ## - Анотація
Анотація У творі йдеться про трагедію білоруського села Хатині, знищеного фашистами в роки Другої світової війни.Поема відтворює страшну трагедію знищення білоруського села Хатинь разом із його мешканцями. Автор через образи болю, втрат і пам’яті засуджує жорстокість війни та увічнює пам’ять невинних жертв.
521 ## - Примітка про цільове призначення
Примітка про цільове призначення Для широкого кола читачів
546 ## - Примітка про мову
Примітка про мову укр.
650 ## - Тематичні рубрики
Основна рубрика Літературно-художнє видання
Хронологічна підрубрика Друга світова війна (зокрема 1943 рік)
Географічна підрубрика Білорусь, село Хатинь
653 ## - Ключові слова
Ключові слова Трагедія
-- Війна
-- Пам’ять
-- Жертви
-- Фашизм
655 ## - Термін індексування — жанр/форма
Жанр/форма Поема
Типове ділення Поема
942 ## - ADDED ENTRY ELEMENTS (KOHA)
Джерело класифікації чи схема поличного розташування
Koha item type Книги
Фонди
Статус вилучення Статус втрати/відсутності Джерело класифікації чи схема поличного розташування Статус пошкодження Тип обігу (не для випозичання) Постійне розташування Поточне розташування Розташування у відділі Дата надходження Інвентарний номер Total Checkouts Повний (примірниковий) шифр зберігання Штрих-код Date last seen Дата, для якої чинна ціна заміни Тип одиниці (рівень примірника)
          Публічна бібліотека Публічна бібліотека Абонемент 30/04/2026 5427   821(477) 20334 30/04/2026 30/04/2026 Книги

Працює на АБІС Коха